Ist dieser Ort in AT, CH oder DE? - Statistiken

Allgemein
  • Dieses Quiz wurde 232 mal gespielt
  • Das Durchschnittsergebnis liegt bei 11 aus 15
Antwortstatistiken
Frage Antwort % Korrekt
Konstanz Deutschland
100%
Wolfsberg Österreich
100%
Hallein Österreich
100%
Freiburg im Üechtland Schweiz
100%
Imst Österreich
88%
Uster Schweiz
88%
Lörrach Deutschland
75%
Deutschlandsberg Österreich
75%
Wals-Siezenheim Österreich
63%
Köniz Schweiz
63%
Bodman-Ludwigshafen Deutschland
50%
Calw Deutschland
50%
Chieming Deutschland
50%
Frauenfeld Schweiz
50%
Stein am Rhein Schweiz
38%
Keine übereinstimmenden Quizze gefunden
Verteilung der Resultate
Anzahl Personen mit jedem Resultat
Perzentil nach korrekt beantworteten Fragen
Ihre Resultats-Entwicklung
Sie haben dieses Quiz noch nicht gespielt